书目信息 |
| 题名: |
英汉双向交替口译基础
|
|
| 作者: | 王颖冲 主编 | |
| 分册: | ||
| 出版信息: | 上海 华东师范大学出版社 2024.12 |
|
| 页数: | 275页 | |
| 开本: | 26cm | |
| 丛书名: | ||
| 单 册: | ||
| 中图分类: | H315.9 | |
| 科图分类: | ||
| 主题词: | 英语--口译--高等学校--教材 | |
| 电子资源: | ||
| ISBN: | 978-7-5760-5250-3 | |
| 000 | 01193nam0 2200253 450 | |
| 001 | 012965431 | |
| 005 | 20251022100125.44 | |
| 010 | @a978-7-5760-5250-3@dCNY59.80 | |
| 100 | @a20241223d2024 em y0chiy0120 ea | |
| 101 | 0 | @achi@aeng |
| 102 | @aCN@b310000 | |
| 105 | @aa z 000yy | |
| 106 | @ar | |
| 200 | 1 | @a英汉双向交替口译基础@9ying han shuang xiang jiao ti kou yi ji chu@dEnglish and Chinese consecutive interpreting@ea practical guide@f王颖冲主编@zeng |
| 210 | @a上海@c华东师范大学出版社@d2024.12 | |
| 215 | @a275页@c图@d26cm | |
| 300 | @a翻译专业基础课系列教材 北京外国语大学“中青年卓越人才支持计划”和一般规划教材项目 | |
| 330 | @a本书内容包括听辨、逻辑分析、公共演讲、情绪管理、短期记忆、口译笔记、跨文化交际等。各个单元所选的英文和中文音频、课堂活动和课后练习都围绕当期的技能来设计,通过内容多样的语篇来强化技能训练,同时为之后分主题的专业口译训练做准备。篇章练习均配有符合口译需求和特点的参考译文。 | |
| 510 | 1 | @aEnglish and Chinese consecutive interpreting@ea practical guide@zeng |
| 606 | 0 | @a英语@x口译@x高等学校@j教材 |
| 690 | @aH315.9@v5 | |
| 701 | 0 | @a王颖冲@9wang ying chong@4主编 |
| 801 | 0 | @aCN@c20250905 |
| 905 | @a河南城建学院图书馆@dH315.9@eW430@ZW430@f1 | |
| 英汉双向交替口译基础=English and Chinese consecutive interpreting:a practical guide/王颖冲主编.-上海:华东师范大学出版社,2024.12 |
| 275页:图;26cm |
| 翻译专业基础课系列教材 北京外国语大学“中青年卓越人才支持计划”和一般规划教材项目 |
| ISBN 978-7-5760-5250-3:CNY59.80 |
| 本书内容包括听辨、逻辑分析、公共演讲、情绪管理、短期记忆、口译笔记、跨文化交际等。各个单元所选的英文和中文音频、课堂活动和课后练习都围绕当期的技能来设计,通过内容多样的语篇来强化技能训练,同时为之后分主题的专业口译训练做准备。篇章练习均配有符合口译需求和特点的参考译文。 |
| ● |
| 相关链接 |
|
|
|
正题名:英汉双向交替口译基础
索取号:H315.9/W430
 
预约/预借
| 序号 | 登录号 | 条形码 | 馆藏地/架位号 | 状态 | 备注 |
| 1 | 1631047 | 216310472 | 语言库209/209语言库 39排6列2层/ [索取号:H315.9/W430] | 在馆 |